[Event "4. Moscu Open 2008"]
[Site "Moscu RUS"]
[Date "2008.02.04"]
[Round "3.7"]
[White "Geller, Jakov"]
[Black "Riazantsev, Alexander"]
[Result "0-1"]
[WhiteElo "2511"]
[BlackElo "2628"]
[PlyCount "92"]
[EventDate "2008.02.02"]
[EventType "swiss"]
[EventRounds "9"]
[EventCountry "RUS"]
[Source "lmi"]
[SourceDate "2008.02.02"]

1. c4 e6 2. Nc3 d5 3. d4 Be7 4. Nf3 Nf6 5. e3 O-O 6. Bd3 b6 7. O-O Bb7 8. cxd5
exd5 9. b3 Nbd7 10. Bb2 a6 11. Rc1 Bd6 12. Qc2 Qe7 13. Ne2 Rac8 14. Bf5 g6 15.
Bd3 Ne4 16. Bxe4 dxe4 17. Nd2 b5 18. Rfd1 c5 19. Qb1 cxd4 20. Rxc8 Rxc8 21.
Bxd4 Nc5 22. Qa1 Nd3 23. Nf1 Rc2 24. Bf6 Qc7 25. Nfg3 Bxg3 26. Nxg3 Rxf2 27.
Qd4 Rxg2+ 28. Kxg2 Qc2+ 29. Kg1 Qxd1+ 30. Nf1 Qg4+ 31. Ng3 Qd1+ 32. Nf1 Qg4+
33. Ng3 Qc8 34. Bh8 Qf8 35. Bf6 Nc5 36. Kf2 Qc8 37. h4 h5 38. b4 Nd3+ 39. Kg1
Kh7 40. Qd6 Qc1+ 41. Nf1 Qe1 42. Qd8 Qf2+ 43. Kh1 Qxf1+ 44. Kh2 Qe2+ 45. Kh1
Qd1+ 46. Kh2 Qd2+ 0-1

[Event "4. Moscu Open 2008"]
[Site "Moscu RUS"]
[Date "2008.02.04"]
[Round "3.8"]
[White "Dzhakaev, Dzhakay"]
[Black "Volkov, Sergey"]
[Result "0-1"]
[WhiteElo "2510"]
[BlackElo "2623"]
[PlyCount "46"]
[EventDate "2008.02.02"]
[EventType "swiss"]
[EventRounds "9"]
[EventCountry "RUS"]
[Source "lmi"]
[SourceDate "2008.02.02"]

1. Nf3 d5 2. d4 Nf6 3. c4 c6 4. Nc3 a6 5. a4 e6 6. Bg5 Qa5 7. Bxf6 gxf6 8. e3
Qb4 9. Qd2 dxc4 10. a5 Nd7 11. Be2 b5 12. axb6 Nxb6 13. O-O a5 14. Ne4 f5 15.
Nc5 Bxc5 16. dxc5 Qxc5 17. e4 fxe4 18. Ng5 f5 19. Ra3 Nd5 20. Rg3 h5 21. h4 e5
22. Qc1 c3 23. Nf7 Nf4 0-1

[Event "4. Moscu Open 2008"]
[Site "Moscu RUS"]
[Date "2008.02.04"]
[Round "3.10"]
[White "Abdulla, Al-Rakib"]
[Black "Kuzubov, Yuriy"]
[Result "1/2-1/2"]
[WhiteElo "2506"]
[BlackElo "2606"]
[PlyCount "36"]
[EventDate "2008.02.02"]
[EventType "swiss"]
[EventRounds "9"]
[EventCountry "RUS"]
[Source "lmi"]
[SourceDate "2008.02.02"]

1. d4 d5 2. c4 c6 3. Nf3 Nf6 4. e3 Bf5 5. Bd3 Bxd3 6. Qxd3 e6 7. O-O Nbd7 8.
Rd1 a6 9. Nbd2 b5 10. cxd5 cxd5 11. a4 b4 12. Nb3 Bd6 13. Bd2 O-O 14. Rdc1 Ne4
15. Rc6 a5 16. Be1 Nb6 17. Nfd2 Nxd2 18. Nxd2 Qb8 1/2-1/2

[Event "4. Moscu Open 2008"]
[Site "Moscu RUS"]
[Date "2008.02.04"]
[Round "3.11"]
[White "Sveshnikov, Evgeny"]
[Black "Smirnov, Pavel"]
[Result "1/2-1/2"]
[WhiteElo "2506"]
[BlackElo "2599"]
[PlyCount "47"]
[EventDate "2008.02.02"]
[EventType "swiss"]
[EventRounds "9"]
[EventCountry "RUS"]
[Source "lmi"]
[SourceDate "2008.02.02"]

1. e4 c5 2. c3 d6 3. d4 Nf6 4. f3 Nc6 5. Be3 d5 6. e5 Nd7 7. f4 cxd4 8. cxd4
Nb6 9. Nc3 Bf5 10. Bd3 e6 11. Bxf5 exf5 12. Nf3 Be7 13. O-O Qd7 14. b3 h5 15.
a3 Rc8 16. Qd3 g6 17. Bf2 Kf8 18. Bh4 Bxh4 19. Nxh4 a6 20. Ne2 Na8 21. Nf3 Nc7
22. Ng5 Kg7 23. Rfc1 Nd8 24. Rc3 1/2-1/2

[Event "4. Moscu Open 2008"]
[Site "Moscu RUS"]
[Date "2008.02.04"]
[Round "3.12"]
[White "Kazhgaleyev, Murtas"]
[Black "Gubajdullin, Alexei"]
[Result "1/2-1/2"]
[WhiteElo "2594"]
[BlackElo "2504"]
[PlyCount "47"]
[EventDate "2008.02.02"]
[EventType "swiss"]
[EventRounds "9"]
[EventCountry "RUS"]
[Source "lmi"]
[SourceDate "2008.02.02"]

1. d4 Nf6 2. c4 c5 3. d5 e5 4. Nc3 d6 5. e4 Be7 6. Be2 O-O 7. Nf3 Ne8 8. O-O g6
9. Ne1 Bg5 10. Nd3 Nd7 11. b3 Bxc1 12. Qxc1 Qe7 13. f4 exf4 14. Qxf4 Ne5 15.
Nxe5 dxe5 16. Qf2 b6 17. Rad1 Nd6 18. Qf6 Qxf6 19. Rxf6 Ne8 20. Rf2 Nd6 21. Rf6
Ne8 22. Rf2 Nd6 23. Rf6 Ne8 24. Rf2 1/2-1/2

[Event "4. Moscu Open 2008"]
[Site "Moscu RUS"]
[Date "2008.02.04"]
[Round "3.14"]
[White "Andreikin, Dmitry"]
[Black "Naumkin, Igor"]
[Result "0-1"]
[WhiteElo "2573"]
[BlackElo "2475"]
[PlyCount "51"]
[EventDate "2008.02.02"]
[EventType "swiss"]
[EventRounds "9"]
[EventCountry "RUS"]
[Source "lmi"]
[SourceDate "2008.02.02"]

1. d4 e6 2. Nf3 Nf6 3. c4 b6 4. Nc3 Bb7 5. Bg5 h6 6. Bh4 g5 7. Bg3 Nh5 8. e3
Nxg3 9. hxg3 Bg7 10. Bd3 Nc6 11. g4 Qe7 12. a3 O-O-O 13. Qe2 Kb8 14. O-O-O Na5
15. b4 Nc6 16. Kc2 h5 17. Rxh5 Rxh5 18. gxh5 g4 19. Nd2 Bxd4 20. Qxg4 Bh8 21.
Nf3 a5 22. Qg5 Bf6 23. Qb5 axb4 24. Ne4 Bh8 25. c5 f5 26. Nd6 0-1

[Event "4. Moscu Open 2008"]
[Site "Moscu RUS"]
[Date "2008.02.04"]
[Round "3.15"]
[White "Ivanov, Oleg V"]
[Black "Kharitonov, Andrei  V"]
[Result "1/2-1/2"]
[WhiteElo "2454"]
[BlackElo "2569"]
[PlyCount "47"]
[EventDate "2008.02.02"]
[EventType "swiss"]
[EventRounds "9"]
[EventCountry "RUS"]
[Source "lmi"]
[SourceDate "2008.02.02"]

1. e4 e6 2. d4 d5 3. Nc3 Bb4 4. e5 Qd7 5. a3 Bxc3+ 6. bxc3 b6 7. Qg4 f5 8. Qh5+
Qf7 9. Qd1 Ba6 10. Bxa6 Nxa6 11. c4 dxc4 12. Qe2 Qd7 13. Qxc4 Nb8 14. Ne2 Ne7
15. O-O Nbc6 16. Bg5 Ng6 17. Rfd1 O-O 18. Bd2 Rad8 19. Bg5 Rb8 20. Bd2 Rbd8 21.
Bg5 Rc8 22. Bd2 Rcd8 23. h4 h6 24. d5 1/2-1/2

[Event "4. Moscu Open 2008"]
[Site "Moscu RUS"]
[Date "2008.02.04"]
[Round "3.16"]
[White "Kim, Alexey"]
[Black "Svetushkin, Dmitry"]
[Result "0-1"]
[WhiteElo "2314"]
[BlackElo "2565"]
[PlyCount "75"]
[EventDate "2008.02.02"]
[EventType "swiss"]
[EventRounds "9"]
[EventCountry "RUS"]
[Source "lmi"]
[SourceDate "2008.02.02"]

1. e4 g6 2. d4 Bg7 3. Nf3 d6 4. Bc4 Nf6 5. Qe2 O-O 6. O-O c6 7. Bb3 a5 8. a4
Qc7 9. e5 dxe5 10. dxe5 Nd5 11. Nc3 Be6 12. Rd1 Nxc3 13. bxc3 Nd7 14. Bxe6 fxe6
15. Ng5 Qxe5 16. Qxe5 Nxe5 17. Nxe6 Rf6 18. Nxg7 Kxg7 19. Rb1 Rb8 20. Be3 Nc4
21. Ba7 Rbf8 22. Rxb7 R8f7 23. Bc5 Rf5 24. Bb6 e5 25. Rxf7+ Kxf7 26. Bc7 Ke6
27. f3 Rf7 28. Bb8 Rb7 29. Rd8 Rb2 30. f4 e4 31. Rd4 Rb1+ 32. Kf2 e3+ 33. Ke2
c5 34. Rd8 Ke7 35. Rc8 Rg1 36. Rxc5 Rxg2+ 37. Kf3 Rf2+ 38. Kg3 0-1

[Event "4. Moscu Open 2008"]
[Site "Moscu RUS"]
[Date "2008.02.04"]
[Round "3.17"]
[White "Zherebukh, Yaroslav"]
[Black "Khismatullin, Denis"]
[Result "1-0"]
[WhiteElo "2420"]
[BlackElo "2564"]
[PlyCount "91"]
[EventDate "2008.02.02"]
[EventType "swiss"]
[EventRounds "9"]
[EventCountry "RUS"]
[Source "lmi"]
[SourceDate "2008.02.02"]

1. e4 c5 2. Nf3 d6 3. d4 Nf6 4. Nc3 cxd4 5. Nxd4 a6 6. Be3 Ng4 7. Bg5 h6 8. Bh4
g5 9. Bg3 Bg7 10. h3 Nf6 11. Qf3 Qb6 12. O-O-O Nc6 13. Nxc6 Qxc6 14. e5 Qxf3
15. gxf3 dxe5 16. Bxe5 Bd7 17. Nd5 Rd8 18. h4 Rg8 19. hxg5 hxg5 20. Nc7+ Kf8
21. Bh3 Rh8 22. Rh2 e6 23. Bd6+ Kg8 24. Be7 Rc8 25. Bxf6 Bxf6 26. Rxd7 Be5 27.
Bxe6 Rxh2 28. Rxf7 Rf8 29. Rf5+ Kg7 30. Rxe5 Rxf3 31. Rxg5+ Kf6 32. Rc5 Rh1+
33. Kd2 Rxf2+ 34. Ke3 Rfh2 35. Rf5+ Ke7 36. Bb3 Rd1 37. Nd5+ Kd6 38. Nf4 Kc6
39. Nd3 Kb6 40. Rf7 Rh5 41. Kd4 Rdh1 42. Bd5 R1h4+ 43. Be4 Rh8 44. Rxb7+ Ka5
45. Nc5 Rd8+ 46. Kc4 1-0

[Event "4. Moscu Open 2008"]
[Site "Moscu RUS"]
[Date "2008.02.04"]
[Round "3.18"]
[White "Nguyen, Ngoc Truong Son"]
[Black "Pustov, Pavel"]
[Result "1-0"]
[WhiteElo "2551"]
[BlackElo "2413"]
[PlyCount "87"]
[EventDate "2008.02.02"]
[EventType "swiss"]
[EventRounds "9"]
[EventCountry "RUS"]
[Source "lmi"]
[SourceDate "2008.02.02"]

1. e4 e6 2. d4 d5 3. Nd2 dxe4 4. Nxe4 Nd7 5. Nf3 Ngf6 6. Bg5 h6 7. Nxf6+ Nxf6
8. Be3 Nd5 9. Bd3 Bd6 10. c4 Nxe3 11. fxe3 c5 12. O-O O-O 13. Qe2 Qe7 14. e4 e5
15. d5 g6 16. Qe3 Kg7 17. Rae1 Bd7 18. Re2 Rae8 19. Rfe1 Bc7 20. Bc2 Qd6 21.
Kh1 Ba5 22. Rf1 Bc7 23. Qc3 Bg4 24. Ref2 Bxf3 25. Rxf3 Rc8 26. Qe3 Bd8 27. Qf2
Rc7 28. g3 a6 29. Bd3 Bg5 30. h4 Bd8 31. h5 gxh5 32. Rf5 Bg5 33. Be2 f6 34.
Bxh5 b5 35. Be2 Rb8 36. b3 b4 37. Bg4 a5 38. Rf3 Ra7 39. Be6 Rf8 40. Qh2 a4 41.
Qh5 axb3 42. axb3 Rfa8 43. Kg2 Ra2+ 44. Kh3 1-0

[Event "4. Moscu Open 2008"]
[Site "Moscu RUS"]
[Date "2008.02.04"]
[Round "3.20"]
[White "Zvjaginsev, Vadim"]
[Black "Kunin, Vitaly"]
[Result "1-0"]
[WhiteElo "2677"]
[BlackElo "2538"]
[PlyCount "60"]
[EventDate "2008.02.02"]
[EventType "swiss"]
[EventRounds "9"]
[EventCountry "RUS"]
[Source "lmi"]
[SourceDate "2008.02.02"]

1. e4 c5 2. Nf3 d6 3. c3 Nf6 4. h3 Nc6 5. Bd3 g6 6. O-O Bg7 7. Bc2 O-O 8. d4
cxd4 9. cxd4 d5 10. e5 Ne4 11. Nc3 Nxc3 12. bxc3 Na5 13. Re1 Qc7 14. Bg5 Re8
15. Qd2 Be6 16. Rac1 Rac8 17. Qf4 Qd7 18. Qh4 h5 19. Bd3 Rc7 20. g4 hxg4 21.
hxg4 Bxg4 22. e6 Bxe6 23. Bf4 Rc6 24. Ne5 Qc8 25. Kg2 Bf6 26. Qh2 Bxe5 27. Bxe5
Bh3+ 28. Qxh3 Qxh3+ 29. Kxh3 Rec8 30. Kg2 Rxc3 1-0

[Event "4. Moscu Open 2008"]
[Site "Moscu RUS"]
[Date "2008.02.04"]
[Round "3.21"]
[White "Amonatov, Farrukh"]
[Black "Kharitonov, Alexandr"]
[Result "1/2-1/2"]
[WhiteElo "2649"]
[BlackElo "2524"]
[PlyCount "89"]
[EventDate "2008.02.02"]
[EventType "swiss"]
[EventRounds "9"]
[EventCountry "RUS"]
[Source "lmi"]
[SourceDate "2008.02.02"]

1. e4 c6 2. d4 d5 3. Nd2 dxe4 4. Nxe4 Bf5 5. Ng3 Bg6 6. h4 h6 7. Nf3 Nd7 8. h5
Bh7 9. Bd3 Bxd3 10. Qxd3 e6 11. Bf4 Bb4+ 12. c3 Be7 13. O-O-O Ngf6 14. Kb1 O-O
15. c4 Qa5 16. Bd2 Qa6 17. Qc2 Rfe8 18. Ne5 Rad8 19. f4 c5 20. d5 Bf8 21. dxe6
Qxe6 22. Bc3 Nxe5 23. fxe5 Rxd1+ 24. Qxd1 Nd7 25. Re1 Nb8 26. Qd3 Nc6 27. Nf5
Rd8 28. Qe4 Nd4 29. Ne3 b5 30. Rd1 Qe8 31. cxb5 Nxb5 32. Nc4 Nxc3+ 33. bxc3 f6
34. Re1 Rb8+ 35. Ka1 Be7 36. Rb1 Rxb1+ 37. Kxb1 fxe5 38. Kb2 Bf6 39. a4 Qd7 40.
a5 Qb5+ 41. Kc2 Qa4+ 42. Kb2 Qb5+ 43. Ka3 a6 44. Qd5+ Kh7 45. Qe4+ 1/2-1/2

[Event "4. Moscu Open 2008"]
[Site "Moscu RUS"]
[Date "2008.02.04"]
[Round "3.22"]
[White "Bryzgalin, Kirill"]
[Black "Areshchenko, Alexander"]
[Result "0-1"]
[WhiteElo "2531"]
[BlackElo "2645"]
[PlyCount "59"]
[EventDate "2008.02.02"]
[EventType "swiss"]
[EventRounds "9"]
[EventCountry "RUS"]
[Source "lmi"]
[SourceDate "2008.02.02"]

1. d4 Nf6 2. Nf3 g6 3. Bg5 Bg7 4. Nbd2 d5 5. e3 O-O 6. Bd3 Nbd7 7. c4 c5 8. O-O
cxd4 9. Nxd4 dxc4 10. Nxc4 e5 11. Nb5 a6 12. Nbd6 b5 13. Nd2 h6 14. Bxf6 Nxf6
15. Nxc8 Qxd3 16. Nb3 Qe4 17. Ne7+ Kh7 18. Rc1 Qa4 19. Qc2 Rfe8 20. Nc6 Rac8
21. Qb1 Qh4 22. a3 Bf8 23. h3 Bd6 24. Nd2 e4 25. Rfd1 Bh2+ 26. Kf1 Nd5 27. Qa2
Nxe3+ 28. fxe3 Re6 29. Nd4 Rf6+ 30. N2f3 0-1

[Event "4. Moscu Open 2008"]
[Site "Moscu RUS"]
[Date "2008.02.04"]
[Round "3.24"]
[White "Moiseenko, Alexander"]
[Black "Ivanov, Victor L"]
[Result "1-0"]
[WhiteElo "2643"]
[BlackElo "2495"]
[PlyCount "53"]
[EventDate "2008.02.02"]
[EventType "swiss"]
[EventRounds "9"]
[EventCountry "RUS"]
[Source "lmi"]
[SourceDate "2008.02.02"]

1. d4 d5 2. c4 c6 3. Nf3 Nf6 4. Nc3 dxc4 5. a4 Bf5 6. Nh4 Bd7 7. e4 e6 8. Bxc4
Nxe4 9. Nxe4 Qxh4 10. Qf3 Bb4+ 11. Kf1 Qe7 12. Bg5 Qf8 13. Qg3 f5 14. Nc5 Bxc5
15. dxc5 Qxc5 16. Rc1 Qb4 17. h4 O-O 18. h5 b5 19. h6 Qxb2 20. hxg7 Qxg7 21.
Be2 Na6 22. Qh4 e5 23. Rd1 Be6 24. Rd6 Bd5 25. axb5 Nc5 26. bxc6 Ne6 27. Rxd5
1-0

[Event "4. Moscu Open 2008"]
[Site "Moscu RUS"]
[Date "2008.02.04"]
[Round "3.25"]
[White "Kosyrev, Vladimir"]
[Black "Sutovsky, Emil"]
[Result "1-0"]
[WhiteElo "2509"]
[BlackElo "2642"]
[PlyCount "60"]
[EventDate "2008.02.02"]
[EventType "swiss"]
[EventRounds "9"]
[EventCountry "RUS"]
[Source "lmi"]
[SourceDate "2008.02.02"]

1. d4 Nf6 2. c4 g6 3. Nc3 Bg7 4. e4 d6 5. Nf3 O-O 6. h3 e5 7. d5 Nh5 8. Nh2 Qe8
9. Be2 Nf4 10. Bf3 f5 11. g3 Nxh3 12. Bg2 fxe4 13. Be3 Na6 14. Nxe4 b5 15. Qe2
bxc4 16. Ng4 h5 17. Bxh3 hxg4 18. Bxg4 Rb8 19. Bxc8 Qxc8 20. Rc1 Nb4 21. Qxc4
Qa6 22. Qxa6 Nxa6 23. b3 Rb5 24. Rc6 Ra5 25. a4 Nb4 26. Rxc7 Rxd5 27. Rxa7 Nc2+
28. Ke2 Rb8 29. Ra6 Nd4+ 30. Bxd4 Rxd4 1-0

[Event "4. Moscu Open 2008"]
[Site "Moscu RUS"]
[Date "2008.02.04"]
[Round "3.26"]
[White "Najer, Evgeniy"]
[Black "Safin, Shukhrat"]
[Result "1-0"]
[WhiteElo "2634"]
[BlackElo "2493"]
[PlyCount "66"]
[EventDate "2008.02.02"]
[EventType "swiss"]
[EventRounds "9"]
[EventCountry "RUS"]
[Source "lmi"]
[SourceDate "2008.02.02"]

1. e4 e5 2. Nf3 Nc6 3. Bb5 a6 4. Ba4 Nf6 5. O-O Be7 6. Re1 b5 7. Bb3 d6 8. c3
O-O 9. h3 Na5 10. Bc2 d5 11. d3 dxe4 12. dxe4 Qxd1 13. Rxd1 Bd6 14. Nbd2 Nb7
15. Nb3 Re8 16. Be3 h6 17. Nbd2 Bd7 18. Nf1 Bc6 19. N3d2 Nc5 20. f3 a5 21. Bf2
Bd7 22. Ne3 Be6 23. a4 Nxa4 24. Bxa4 bxa4 25. Ndc4 a3 26. bxa3 Bc5 27. a4 Bxe3
28. Nxe3 Red8 29. c4 c6 30. Rxd8+ Rxd8 31. Be1 Ra8 32. Rb1 Nd7 33. Nf5 Nc5 1-0

[Event "4. Moscu Open 2008"]
[Site "Moscu RUS"]
[Date "2008.02.04"]
[Round "3.27"]
[White "Asrian, Karen"]
[Black "Ponkratov, Pavel"]
[Result "1-0"]
[WhiteElo "2621"]
[BlackElo "2489"]
[PlyCount "30"]
[EventDate "2008.02.02"]
[EventType "swiss"]
[EventRounds "9"]
[EventCountry "RUS"]
[Source "lmi"]
[SourceDate "2008.02.02"]

1. e4 d6 2. Nf3 Nf6 3. Nc3 e5 4. d4 Nbd7 5. Be2 Be7 6. O-O c6 7. a4 Qc7 8. h3
h6 9. Be3 O-O 10. Nd2 exd4 11. Bxd4 d5 12. exd5 Nxd5 13. Nxd5 cxd5 14. Re1 Nc5
15. Bf3 Bf5 1-0

[Event "4. Moscu Open 2008"]
[Site "Moscu RUS"]
[Date "2008.02.04"]
[Round "3.29"]
[White "Guseinov, Gadir"]
[Black "Gabrielian, Artur"]
[Result "1-0"]
[WhiteElo "2617"]
[BlackElo "2479"]
[PlyCount "61"]
[EventDate "2008.02.02"]
[EventType "swiss"]
[EventRounds "9"]
[EventCountry "RUS"]
[Source "lmi"]
[SourceDate "2008.02.02"]

1. e4 c5 2. Nc3 d6 3. d4 cxd4 4. Qxd4 Nc6 5. Bb5 Bd7 6. Bxc6 Bxc6 7. Bg5 h6 8.
Be3 Nf6 9. O-O-O e5 10. Qd3 Be7 11. Nge2 Qa5 12. Kb1 Rc8 13. Ng3 g6 14. h4 b5
15. Nd5 Bxd5 16. exd5 h5 17. f4 Ng4 18. f5 Qc7 19. fxg6 Qxc2+ 20. Qxc2 Rxc2 21.
Bxa7 Rxg2 22. g7 Rg8 23. Nf5 Kd7 24. Rhg1 Rxg1 25. Rxg1 e4 26. Bd4 e3 27. Kc2
e2 28. Kd2 Re8 29. Re1 Ne5 30. Bxe5 dxe5 31. Rg1 1-0

[Event "4. Moscu Open 2008"]
[Site "Moscu RUS"]
[Date "2008.02.04"]
[Round "3.30"]
[White "Krapivin, Alexander"]
[Black "Potkin, Vladimir"]
[Result "0-1"]
[WhiteElo "2483"]
[BlackElo "2609"]
[PlyCount "63"]
[EventDate "2008.02.02"]
[EventType "swiss"]
[EventRounds "9"]
[EventCountry "RUS"]
[Source "lmi"]
[SourceDate "2008.02.02"]

1. e4 c5 2. Nc3 Nc6 3. g3 g6 4. Bg2 Bg7 5. d3 d6 6. Be3 Rb8 7. Qd2 b5 8. f4 b4
9. Nd1 e6 10. Nf3 Nge7 11. O-O O-O 12. c3 a5 13. Rc1 a4 14. d4 Ba6 15. Re1 cxd4
16. cxd4 Na5 17. e5 Bc4 18. Ra1 Bd5 19. Ng5 Nc4 20. Qf2 Qd7 21. Bxd5 Nxd5 22.
Ne4 f5 23. Ng5 b3 24. a3 Rfc8 25. Nf3 Rc6 26. Re2 Rbc8 27. Kg2 Bf8 28. h4 dxe5
29. fxe5 Ncxe3+ 30. Nxe3 Bh6 31. Nc4 Rxc4 32. Rd1 0-1

[Event "4. Moscu Open 2008"]
[Site "Moscu RUS"]
[Date "2008.02.04"]
[Round "3.31"]
[White "Danin, Alexandre"]
[Black "Fedorov, Alexei"]
[Result "1/2-1/2"]
[WhiteElo "2480"]
[BlackElo "2607"]
[PlyCount "64"]
[EventDate "2008.02.02"]
[EventType "swiss"]
[EventRounds "9"]
[EventCountry "RUS"]
[Source "lmi"]
[SourceDate "2008.02.02"]

1. e4 c5 2. Nf3 e6 3. d4 cxd4 4. Nxd4 a6 5. Nc3 b5 6. Bd3 Qb6 7. Be3 Bc5 8. Be2
Nc6 9. Nxc6 Qxc6 10. Bxc5 Qxc5 11. a3 Bb7 12. O-O Nf6 13. Bf3 Rc8 14. Re1 Qe5
15. Qd3 O-O 16. Rad1 Rc5 17. Qd6 Bc6 18. Re3 a5 19. Qxe5 Rxe5 20. b4 axb4 21.
axb4 Ra8 22. h3 g5 23. g4 Kg7 24. Kg2 h5 25. Kg3 Ra3 26. Rde1 h4+ 27. Kh2 Ne8
28. Bg2 Nc7 29. Nd5 Rxe3 30. Nxe3 Kf6 31. f3 Ke7 32. Rd1 Nd5 1/2-1/2

[Event "4. Moscu Open 2008"]
[Site "Moscu RUS"]
[Date "2008.02.04"]
[Round "3.33"]
[White "Kaidanov, Gregory S"]
[Black "Gutov, Andrey"]
[Result "1-0"]
[WhiteElo "2604"]
[BlackElo "2467"]
[PlyCount "51"]
[EventDate "2008.02.02"]
[EventType "swiss"]
[EventRounds "9"]
[EventCountry "RUS"]
[Source "lmi"]
[SourceDate "2008.02.02"]

1. d4 Nf6 2. c4 e6 3. Nc3 Bb4 4. e3 O-O 5. a3 Bxc3+ 6. bxc3 b6 7. Bd3 Bb7 8. f3
c5 9. Ne2 Nc6 10. e4 Ne8 11. O-O Ba6 12. f4 f5 13. d5 Na5 14. e5 Bxc4 15. Bxc4
Nxc4 16. d6 b5 17. Qd3 g6 18. Be3 Nxe3 19. Qxe3 Qb6 20. a4 Ng7 21. axb5 Qxb5
22. Rfb1 Qc6 23. Qf3 Qd5 24. Rb7 Rfd8 25. c4 Qd2 26. Rxd7 1-0

[Event "4. Moscu Open 2008"]
[Site "Moscu RUS"]
[Date "2008.02.04"]
[Round "3.34"]
[White "Bocharov, Dmitry"]
[Black "Mozharov, Mikhail"]
[Result "1/2-1/2"]
[WhiteElo "2600"]
[BlackElo "2434"]
[PlyCount "51"]
[EventDate "2008.02.02"]
[EventType "swiss"]
[EventRounds "9"]
[EventCountry "RUS"]
[Source "lmi"]
[SourceDate "2008.02.02"]

1. d4 d5 2. c4 c6 3. Nf3 Nf6 4. e3 a6 5. Nc3 e6 6. b3 c5 7. Bb2 Nc6 8. Be2 cxd4
9. exd4 Bd6 10. O-O O-O 11. Re1 b6 12. Bf1 Bb7 13. cxd5 exd5 14. Ne5 b5 15. a4
b4 16. Ne2 Re8 17. Ng3 Qb8 18. Nf5 Nxe5 19. Nxd6 Nf3+ 20. Qxf3 Qxd6 21. Re5 Nd7
22. Rxe8+ Rxe8 23. Rc1 Nf8 24. g3 Ne6 25. Bd3 Ng5 26. Qf5 1/2-1/2

[Event "4. Moscu Open 2008"]
[Site "Moscu RUS"]
[Date "2008.02.04"]
[Round "3.35"]
[White "Popov, Ivan"]
[Black "Yatsenko, Alexey"]
[Result "1/2-1/2"]
[WhiteElo "2590"]
[BlackElo "2442"]
[PlyCount "69"]
[EventDate "2008.02.02"]
[EventType "swiss"]
[EventRounds "9"]
[EventCountry "RUS"]
[Source "lmi"]
[SourceDate "2008.02.02"]

1. e4 d6 2. Nc3 c6 3. g3 e5 4. Bg2 Nf6 5. d3 Be7 6. f4 b5 7. Nf3 Nbd7 8. O-O b4
9. Ne2 a5 10. h3 Qb6+ 11. Kh1 h6 12. g4 exf4 13. Bxf4 g5 14. Bh2 h5 15. Nxg5
hxg4 16. d4 Ba6 17. e5 dxe5 18. dxe5 Nd5 19. Nxf7 Ne3 20. Nd6+ Bxd6 21. Qxd6
O-O-O 22. Bg1 Qc7 23. Bxe3 Qxd6 24. exd6 Bxe2 25. Rf5 Bf3 26. Kg1 Bxg2 27. Kxg2
Rde8 28. Re1 gxh3+ 29. Kh1 c5 30. Rf7 Rh6 31. Re7 Re6 32. Bf2 Rxe1+ 33. Bxe1
Rg8 34. Re2 Rg6 35. Kh2 1/2-1/2

[Event "4. Moscu Open 2008"]
[Site "Moscu RUS"]
[Date "2008.02.04"]
[Round "3.36"]
[White "Looshnikov, Nikolai"]
[Black "Yakovich, Yuri"]
[Result "1/2-1/2"]
[WhiteElo "2454"]
[BlackElo "2595"]
[PlyCount "29"]
[EventDate "2008.02.02"]
[EventType "swiss"]
[EventRounds "9"]
[EventCountry "RUS"]
[Source "lmi"]
[SourceDate "2008.02.02"]

1. e4 c5 2. Nf3 d6 3. Bb5+ Nd7 4. d4 Ngf6 5. O-O cxd4 6. Qxd4 g6 7. e5 dxe5 8.
Qxe5 Bg7 9. Re1 e6 10. Qd6 a6 11. Bf1 Bf8 12. Qd4 Bg7 13. Qd6 Bf8 14. Qd4 Bg7
15. Qd6 1/2-1/2

[Event "4. Moscu Open 2008"]
[Site "Moscu RUS"]
[Date "2008.02.04"]
[Round "3.37"]
[White "Lavrik, Dmitry"]
[Black "Lysyj, Igor"]
[Result "0-1"]
[WhiteElo "2434"]
[BlackElo "2593"]
[PlyCount "64"]
[EventDate "2008.02.02"]
[EventType "swiss"]
[EventRounds "9"]
[EventCountry "RUS"]
[Source "lmi"]
[SourceDate "2008.02.02"]

1. e4 e6 2. d4 d5 3. e5 c5 4. c3 Nc6 5. Nf3 Bd7 6. a3 f6 7. Bf4 Qb6 8. b4 cxd4
9. cxd4 g5 10. Be3 g4 11. Nfd2 fxe5 12. dxe5 Qc7 13. b5 Nxe5 14. Be2 Bg7 15.
Ra2 Nf6 16. O-O O-O 17. Rc2 Qd8 18. Bd4 Ng6 19. Bxf6 Rxf6 20. a4 h5 21. Nb3 Nf4
22. Re1 Be8 23. Bf1 Bg6 24. Rd2 Bh6 25. g3 Bxb1 26. Qxb1 Nh3+ 27. Bxh3 Bxd2 28.
Nxd2 Qb6 29. Re3 gxh3 30. Nf3 Rc8 31. Ng5 Qc7 32. Qf1 Qc1 0-1

[Event "4. Moscu Open 2008"]
[Site "Moscu RUS"]
[Date "2008.02.04"]
[Round "3.38"]
[White "Oleksienko, Mikhailo"]
[Black "Tarasov, Oleg"]
[Result "1-0"]
[WhiteElo "2590"]
[BlackElo "2341"]
[PlyCount "79"]
[EventDate "2008.02.02"]
[EventType "swiss"]
[EventRounds "9"]
[EventCountry "RUS"]
[Source "lmi"]
[SourceDate "2008.02.02"]

1. e4 c5 2. Nf3 d6 3. d4 cxd4 4. Nxd4 Nf6 5. Nc3 a6 6. Be2 e5 7. Nb3 Be7 8. O-O
O-O 9. Qd3 Be6 10. f4 b5 11. a4 Nc6 12. Nd5 Bxd5 13. exd5 Nb4 14. Qd2 Nbxd5 15.
axb5 axb5 16. Rxa8 Qb6+ 17. Kh1 Rxa8 18. Bf3 e4 19. Bxe4 Nxe4 20. Qxd5 Ra4 21.
g3 Nf2+ 22. Kg2 Ng4 23. Qf3 h5 24. Re1 Qc7 25. c3 g6 26. Nd4 Rxd4 27. cxd4 Bf6
28. h3 Nh6 29. g4 Bxd4 30. f5 hxg4 31. hxg4 Qc2+ 32. Qe2 Qxe2+ 33. Rxe2 Kh7 34.
Re1 Ng8 35. Re4 Bc5 36. Bg5 Kg7 37. b4 d5 38. f6+ Nxf6 39. Bxf6+ Kxf6 40. Rf4+
1-0

[Event "4. Moscu Open 2008"]
[Site "Moscu RUS"]
[Date "2008.02.04"]
[Round "3.39"]
[White "Iordachescu, Viorel"]
[Black "Borisenko, Andrei"]
[Result "1-0"]
[WhiteElo "2586"]
[BlackElo "2420"]
[PlyCount "61"]
[EventDate "2008.02.02"]
[EventType "swiss"]
[EventRounds "9"]
[EventCountry "RUS"]
[Source "lmi"]
[SourceDate "2008.02.02"]

1. e4 e6 2. d4 d5 3. Nc3 Bb4 4. e5 Ne7 5. a3 Bxc3+ 6. bxc3 b6 7. Qg4 Ng6 8. h4
h5 9. Qd1 Ba6 10. Bxa6 Nxa6 11. Bg5 Qd7 12. Ne2 Qc6 13. f4 Nf8 14. f5 Qc4 15.
O-O c5 16. Qd2 Rc8 17. Qe3 Rc7 18. Ng3 cxd4 19. cxd4 Qc3 20. Qf4 Nb8 21. Rad1
Nc6 22. Rf3 Qc4 23. c3 Qa4 24. Rdf1 Na5 25. Qd2 Nc4 26. Qf2 Qd7 27. a4 Rb7 28.
fxe6 Nxe6 29. Nf5 g6 30. Nh6 Rh7 31. Ng8 1-0

[Event "4. Moscu Open 2008"]
[Site "Moscu RUS"]
[Date "2008.02.04"]
[Round "3.40"]
[White "Appolonov, Sergey"]
[Black "Belov, Vladimir"]
[Result "1/2-1/2"]
[WhiteElo "2423"]
[BlackElo "2578"]
[PlyCount "77"]
[EventDate "2008.02.02"]
[EventType "swiss"]
[EventRounds "9"]
[EventCountry "RUS"]
[Source "lmi"]
[SourceDate "2008.02.02"]

1. d4 Nf6 2. Nf3 g6 3. c4 Bg7 4. Nc3 O-O 5. e4 d6 6. Be2 Nbd7 7. O-O e5 8. Be3
c6 9. Ne1 exd4 10. Bxd4 a6 11. Nc2 b5 12. cxb5 axb5 13. Qd2 Ne5 14. b4 Bb7 15.
f3 Qe7 16. Rfd1 Rfd8 17. Bb6 Rd7 18. a4 bxa4 19. Nxa4 Re8 20. Bd4 c5 21. bxc5
Nxe4 22. fxe4 dxc5 23. Nxc5 Rxd4 24. Nxd4 Qxc5 25. Rac1 Qa7 26. Ra1 Qc5 27.
Rac1 Qe7 28. Qf4 Bf6 29. Nf3 Nxf3+ 30. gxf3 Bg5 31. Qg3 Bxc1 32. Rxc1 Rd8 33.
Qf4 Rd6 34. Kg2 g5 35. Qe3 Rg6 36. Rc3 g4 37. fxg4 Qxe4+ 38. Qxe4 Bxe4+ 39. Kf2
1/2-1/2